Historic Names of MLB Baseball Teams - Statistics

General Stats
  • This quiz has been taken 37 times
  • The average score is 26 of 69
Answer Stats
Current Name Previous Name(s) % Correct
Athletics Oakland Athletics
75%
Texas Rangers Washington Senators
75%
Minnesota Twins Washington Senators
75%
Cleveland Guardians Cleveland Indians
71%
Los Angeles Angels Los Angeles Angels
71%
San Francisco Giants New York Giants
71%
St. Louis Cardinals St. Louis Browns
71%
Baltimore Orioles St. Louis Browns
71%
Atlanta Braves Boston Braves
68%
Los Angeles Angels California Angels
68%
Cincinnati Reds Cincinnati Reds
68%
Houston Astros Houston Colt .45s
68%
Milwaukee Brewers Seattle Pilots
68%
Los Angeles Dodgers Brooklyn Dodgers
64%
Athletics Kansas City Athletics
64%
Washington Nationals Montreal Expos
64%
Athletics Philadelphia Athletics
64%
Tampa Bay Rays Tampa Bay Devil Rays
64%
Los Angeles Angels Anaheim Angels
61%
Atlanta Braves Milwaukee Braves
61%
Philadelphia Phillies Philadelphia Blue Jays
61%
Atlanta Braves Boston Red Stockings
57%
Cincinnati Reds Cincinnati Red Stockings
57%
Chicago Cubs Chicago White Stockings
54%
Chicago White Sox Chicago White Stockings
54%
Los Angeles Angels Los Angeles Angels of Anaheim
54%
Miami Marlins Florida Marlins
50%
Atlanta Braves Boston Beaneaters
43%
Boston Red Sox Boston Americans
39%
Los Angeles Dodgers Brooklyn Trolley Dodgers
39%
Cleveland Guardians Cleveland Naps
39%
Minnesota Twins Washington Nationals
39%
Los Angeles Dodgers Brooklyn Robins
32%
Cincinnati Reds Cincinnati Redlegs
29%
Baltimore Orioles Milwaukee Brewers
29%
Philadelphia Phillies Philadelphia Phillies
29%
Atlanta Braves Boston Bees
25%
Chicago Cubs Chicago Colts
25%
New York Yankees New York Highlanders
25%
Los Angeles Dodgers Brooklyn Bridegrooms
21%
Los Angeles Dodgers Brooklyn Grooms
21%
Los Angeles Dodgers Brooklyn Superbas
21%
St. Louis Cardinals St. Louis Brown Stockings
21%
Los Angeles Dodgers Brooklyn Grays
18%
Toronto Blue Jays none
18%
Arizona Diamondbacks none
18%
Seattle Mariners none
18%
New York Mets none
18%
San Diego Padres none
18%
Colorado Rockies none
18%
Kansas City Royals none
18%
Detroit Tigers none
18%
Pittsburgh Pirates Allegheny
14%
Chicago Cubs Chicago Orphans
14%
San Francisco Giants New York Gothams
14%
Pittsburgh Pirates Pittsburgh Alleghenys
14%
St Louis Cardinals St. Louis Perfectos
14%
Cleveland Guardians Cleveland Bluebirds
11%
Cleveland Guardians Cleveland Bronchos
11%
Philadelphia Phillies Philadelphia Phils
11%
Philadelphia Phillies Philadelphia Quakers
11%
Atlanta Braves Boston Doves
7%
Atlanta Braves Boston Red Caps
7%
Atlanta Braves Boston Rustlers
7%
Cleveland Guardians Cleveland Lake Shores
7%
Cleveland Guardians Grand Rapid Rustlers
7%
Chicago White Sox Sioux City Cornhuskers
7%
Chicago White Sox St. Paul Saints
7%
Los Angeles Dodgers Brooklyn Athletics
4%
No matching quizzes found
Score Distribution
Percent of People with Each Score
Percentile by Number Answered
Your Score History
You have not taken this quiz